Arnav Lahoti
St. Mark's A
Categories
Literature - European | 3 | 0 | 0 | 0 | 45 | 47 | 54.00 | 0 | 0 |
Science - Math | 1 | 1 | 0 | 0 | 25 | 69 | 71.00 | 0 | 1 |
RMP - Greco-Roman Mythology | 1 | 1 | 0 | 0 | 25 | 10 | 67.50 | 1 | 1 |
Fine Arts - Painting | 0 | 2 | 0 | 0 | 20 | 61 | 91.00 | 0 | 0 |
Literature - British | 0 | 1 | 0 | 0 | 10 | 112 | 112.00 | 0 | 0 |
Literature - World and Miscellaneous | 0 | 1 | 0 | 0 | 10 | 123 | 123.00 | 0 | 0 |
Literature - American | 0 | 1 | 0 | 0 | 10 | 61 | 61.00 | 0 | 0 |
RMP - Philosophy | 0 | 1 | 0 | 0 | 10 | 113 | 113.00 | 0 | 0 |
Science - Computer Science | 0 | 1 | 0 | 0 | 10 | 115 | 115.00 | 0 | 0 |
History - European | 0 | 0 | 0 | 0 | 0 | 0.00 | 0 | 0 |